[Event "Frankfurt-chB"]
[Site "Frankfurt"]
[Date "2012.04.30"]
[Round "1"]
[White "Lochmann, Tobias"]
[Black "Anhalt, Klaus"]
[Result "0-1"]
[WhiteElo "730"]
[BlackElo "1282"]
[PlyCount "76"]
[EventDate "2012.04.30"]
[EventType "swiss"]
[EventRounds "7"]
[EventCountry "GER"]
[SourceTitle "EXT 2013"]
[Source "ChessBase"]
[SourceDate "2012.11.22"]
[SourceVersion "1"]
[SourceVersionDate "2012.11.22"]
[SourceQuality "1"]

1. d4 d5 2. Nf3 Nf6 3. c3 e6 4. e3 Bd6 5. Ne5 0-0 6. Bd3 Nbd7 7. 0-0 Bxe5 8. dxe5 Nxe5 9. Be2 b6 10. Nd2 Bb7 11. b3 c5 12. Bb2 Ned7 13. c4 dxc4 14. bxc4 Qc7 15. Bxf6 Nxf6 16. Nf3 Rfd8 17. Bd3 Ng4 18. Re1 Bxf3 19. Qxf3 Qxh2+ 20. Kf1 Qh4 21. Ke2 Qxf2+ 22. Qxf2 Nxf2 23. Kxf2 Rxd3 24. Ke2 Rad8 25. Kf3 Rc3 26. g4 Rxc4 27. Rh1 f6 28. Rh4 h6 29. Rah1 Rd5 30. e4 Re5 31. Re1 Rc3+ 32. Re3 Rxe3+ 33. Kxe3 Kf7 34. a4 a6 35. Rh1 b5 36. Ra1 b4 37. Rb1 a5 38. Kd3 Ke7 0-1